000 00279nam a2200109Ia 4500
008 200302s9999 xx 000 0 und d
100 _aSimone Schleifer
245 _aWorking Spaces Espaces de Travail Raum Fur Arbeit
260 _bTaschen Gmbh
260 _c2005
300 _a382 P.,
999 _c5167
_d5167